000
00289nam a22001097a 4500
008
211101b ||||| |||| 00| 0 eng d
050
_a
370
_b
1
245
_a
Pedagogical Leadership:A Handbook For Leading Learning In Schools
260
_a
Delhi
_b
CBSE
_c
2020
300
_a
1
942
_2
ddc
_c
BK
999
_c
11881
_d
11881